Statistics for 11 Smallest Capital Cities in the World

Click here to take the quiz!

General Stats

  • This quiz has been taken 31 times
    (14 since last reset)
  • The average score is 7 of 11

Answer Stats

Answer% Correct
Vatican City
100%
San Marino
85%
Vaduz
85%
Ngerulmud
77%
Funafuti
69%
Palikir
69%
Yaren
69%
Valletta
54%
Roseau
38%
Basseterre
23%
Belmopan
23%

Score Distribution

Percentile by Number Answered

Percent of People with Each Score

Your Score History

You have not taken this quiz since the last reset